[Event "AUTO-MASTER-2196"]
[Site "http://www.queenalice.com/game.php?id=1323712"]
[Date "2014.11.22"]
[Round "1"]
[White "rubensoliveira"]
[Black "gisubr"]
[Result "0-1"]
[WhiteElo "2091"]
[BlackElo "2209"]

1. e4 e6 2. Nc3 d5 3. exd5 exd5 4. d4 c6 5. Nf3 Bd6 6. Bd3 Ne7 7. O-O Bg4 8. Re1
Qc7 9. h3 Bh5 10. Bg5 f6 11. Bh4 O-O 12. Qe2 Bg6 13. Bxg6 Nxg6 14. Qe6+ Kh8 15.
Re3 Bf4 16. Re2 Bh2+ 17. Nxh2 Nxh4 18. Rae1 Qd7 19. Qxd7 Nxd7 20. Re7 Rad8 21.
g4 Kg8 22. R1e3 Ng6 23. R7e6 Nb8 24. Ne2 Na6 25. a3 Nc7 26. Re7 Nxe7 27. Rxe7
Rf7 28. Re3 Re8 29. Nf1 Rfe7 30. Nc3 Rxe3 31. Nxe3 Ne6 32. Ne2 g6 33. c3 a5 34.
Kg2 b5 35. Kf3 Ng5+ 36. Kg3 Ne4+ 37. Kf3 Nd2+ 38. Kg3 Nc4 39. Nxc4 bxc4 40. Kf3
Rb8 0-1

[Event "AUTO-MASTER-2196"]
[Site "http://www.queenalice.com/game.php?id=1323719"]
[Date "2014.11.22"]
[Round "1"]
[White "rubensoliveira"]
[Black "LOMBARDY"]
[Result "1-0"]
[WhiteElo "2024"]
[BlackElo "2168"]

1. e4 c5 2. Nf3 d6 3. d4 cxd4 4. Qxd4 Nc6 5. Bb5 Qd7 6. Bxc6 Qxc6 7. Nc3 e5 8.
Qd5 Nf6 9. Qxc6+ bxc6 10. O-O Rb8 11. Bg5 Nd7 12. b3 h6 13. Bh4 g5 14. Bg3 Nc5
15. Nxe5 dxe5 16. Bxe5 Rg8 17. Bxb8 Bg7 18. Bxa7 Ne6 19. Na4 Ba6 20. c4 Bxa1 21.
Rxa1 Ke7 22. Nc5 Nxc5 23. Bxc5+ Ke6 24. Rd1 Ke5 25. f3 g4 26. Bd6+ Ke6 27. Bg3
Bb7 28. Rd6+ Ke7 29. Rxh6 gxf3 30. gxf3 Bc8 31. Kf2 Bd7 32. Bd6+ Ke8 33. h4 Be6
34. f4 Bh3 35. a3 Rg2+ 36. Kf3 Rb2 37. e5 Rxb3+ 38. Ke4 Bf1 39. Rh8+ Kd7 40. Kd4
Rd3+ 41. Ke4 Rc3 42. Kd4 Rd3+ 43. Ke4 Rc3 44. Kf5 Bxc4 45. Ra8 Rh3 46. Ra7+ Kc8
47. Rc7+ Kd8 48. Rxc6 Be6+ 49. Kg5 Rg3+ 50. Kh6 Rg4 51. h5 Rxf4 52. Ra6 Rg4 53.
Ra7 Bb3 54. Be7+ Ke8 55. Bf6 Bc4 56. a4 Bb3 57. a5 Ra4 58. Kh7 Rg4 59. h6 Bc2+
60. Kh8 Bb3 61. Ra8+ Kd7 62. a6 Kc6 63. Re8 Ra4 64. h7 Rxa6 65. Kg8 Kd7 66. Re7+
Kc6 67. h8=Q Ra8+ 68. Kg7 Rxh8 69. Kxh8 Be6 70. Kg7 1-0

[Event "AUTO-MASTER-2196"]
[Site "http://www.queenalice.com/game.php?id=1323720"]
[Date "2014.11.22"]
[Round "1"]
[White "LOMBARDY"]
[Black "rubensoliveira"]
[Result "0-1"]
[WhiteElo "2170"]
[BlackElo "2016"]

1. e4 e5 2. f4 Nc6 3. Nf3 Bc5 4. c3 d6 5. d3 Bg4 6. Be2 Qe7 7. Nbd2 Be3 8. f5
O-O-O 9. Nc4 Bxc1 10. Rxc1 d5 11. Ncd2 dxe4 12. dxe4 Qc5 13. Qc2 Nf6 14. b4 Qe3
15. b5 Na5 16. c4 Nh5 17. Nf1 Qc5 18. h3 Bxf3 19. Bxf3 Nf4 20. Rd1 Rxd1+ 21.
Kxd1 Rd8+ 22. Kc1 Nd3+ 23. Kb1 Qb4+ 24. Ka1 Nxc4 25. Ng3 Na3 26. Qb3 Qd4+ 0-1

[Event "AUTO-ADV-3295"]
[Site "http://www.queenalice.com/game.php?id=1323876"]
[Date "2014.11.23"]
[Round "1"]
[White "BOSQUES"]
[Black "rubensoliveira"]
[Result "0-1"]
[WhiteElo "1874"]
[BlackElo "2038"]

1. d4 Nf6 2. c4 d5 3. Nc3 Bf5 4. Bg5 Nbd7 5. g3 dxc4 6. Bg2 c6 7. a4 h6 8. Bf4
Nb6 9. h3 Nfd5 10. Nf3 Nxc3 11. bxc3 Nd5 12. Bd2 Be4 13. O-O Qc7 14. Ne5 Bxg2
15. Kxg2 g6 16. e4 Nb6 17. Bf4 g5 18. Be3 Nd7 19. Nxc4 Bg7 20. f4 O-O-O 21. f5
e6 22. fxe6 fxe6 23. e5 Nb6 24. Nd6+ Kb8 25. Rf7 Rd7 26. Rxd7 Qxd7 27. a5 Nd5
28. Bd2 Bf8 29. c4 Nc7 30. Qb3 Bxd6 31. exd6 Qxd6 32. a6 b6 33. c5 Qxd4 34. Bc3
Qe4+ 35. Kg1 Qe3+ 36. Kg2 Qe2+ 37. Kg1 Qe3+ 38. Kg2 Qe2+ 39. Kg1 Qe3+ 40. Kg2
Rf8 41. Qb2 Qe4+ 42. Kg1 Qe3+ 43. Kh1 Rf2 44. Bd4 Qf3+ 0-1

[Event "AUTO-ADV-3295"]
[Site "http://www.queenalice.com/game.php?id=1323877"]
[Date "2014.11.23"]
[Round "1"]
[White "rubensoliveira"]
[Black "BOSQUES"]
[Result "1-0"]
[WhiteElo "2028"]
[BlackElo "1884"]

1. e4 c5 2. Nf3 d6 3. d4 cxd4 4. Qxd4 a6 5. Bd3 e5 6. Qc3 Nc6 7. O-O h6 8. Be3
Nf6 9. Nh4 Be6 10. f4 Nxe4 11. Bxe4 Rc8 12. Nf3 Be7 13. fxe5 Nxe5 14. Qd2 Ng4
15. Bxb7 Nxe3 16. Qxe3 d5 17. Bxc8 Qxc8 18. c3 O-O 19. Nd4 Bg4 20. Qxe7 Qb8 21.
Qb4 Qe5 22. Nd2 Qe3+ 23. Rf2 Qg5 24. N4f3 Qh5 25. h3 Be6 26. Raf1 Qg6 27. Nh4
Qg5 28. Ndf3 Qg3 29. Qd4 Bxh3 30. Qxd5 Be6 31. Qe5 Qg4 32. g3 Bc4 33. Nh2 Qd7
34. Re1 Qa7 35. b3 Bb5 36. a4 Bd7 37. Nf5 Re8 38. Qxg7# 1-0

[Event "AUTO-ADV-3295"]
[Site "http://www.queenalice.com/game.php?id=1323890"]
[Date "2014.11.23"]
[Round "1"]
[White "rubensoliveira"]
[Black "Rutty"]
[Result "1/2-1/2"]
[WhiteElo "2082"]
[BlackElo "2064"]

1. e4 c5 2. Nf3 Nc6 3. d4 cxd4 4. Nxd4 d6 5. Be3 Nf6 6. Bd3 d5 7. Nxc6 bxc6 8.
exd5 cxd5 9. O-O e6 10. Nd2 Bd6 11. Bg5 h6 12. Bh4 O-O 13. Nf3 Be7 14. b3 Bb7
15. h3 Rc8 16. a4 Ne4 17. Bxe7 Qxe7 18. Qe2 Nc3 19. Qe5 Qc7 20. Qh5 Ne4 21. Rac1
Qc3 22. Qg4 Nf6 23. Qf4 a5 24. Nd4 Rfe8 25. Nb5 e5 26. Nxc3 exf4 27. Nb5 Rc5 28.
Nd6 Re7 29. Rfe1 Rxe1+ 30. Rxe1 Bc6 31. Nf5 Ne4 32. f3 Ng5 33. Ne7+ Kf8 34. Nxc6
Rxc6 35. Bb5 Rc8 36. c4 dxc4 37. bxc4 Ne6 38. Re5 Ke7 39. Ba6 Rc5 40. Rxc5 Nxc5
41. Bb5 Kd6 42. Kf2 Ke5 43. g3 Nd3+ 44. Kg2 fxg3 45. Kxg3 Kd4 46. h4 Kc5 47. f4
Nb2 48. Be8 f6 49. Kg4 Nxc4 50. Kh5 Nd6 51. Bd7 g5 52. hxg5 hxg5 53. fxg5 fxg5
54. Kxg5 Ne4+ 55. Kf4 Nc3 56. Ke3 Kb4 57. Kd3 Nxa4 58. Kc2 Nc3 59. Be8 Nb5 60.
Bxb5 Kxb5 1/2-1/2

[Event "AUTO-ADV-3295"]
[Site "http://www.queenalice.com/game.php?id=1323891"]
[Date "2014.11.23"]
[Round "1"]
[White "Rutty"]
[Black "rubensoliveira"]
[Result "1/2-1/2"]
[WhiteElo "2112"]
[BlackElo "2118"]

1. d4 Nf6 2. c4 d5 3. Nf3 Nc6 4. e3 Bf5 5. Nc3 Ne4 6. Nxd5 e6 7. Nc3 Nxc3 8.
bxc3 Be7 9. Bd3 O-O 10. Bxf5 exf5 11. d5 Na5 12. Qd3 c6 13. O-O cxd5 14. cxd5
Qd7 15. c4 Bf6 16. Nd4 Rac8 17. Ba3 Rfe8 18. Rac1 Qa4 19. Nxf5 Nxc4 20. Nd6 Nxd6
21. Bxd6 Rxc1 22. Rxc1 Qxa2 23. e4 Qb2 24. Rb1 Qd4 25. Qxd4 Bxd4 26. Rxb7 f5 27.
e5 Bxe5 28. Bxe5 Rxe5 29. Kf1 Rxd5 30. Rxa7 g5 31. g3 h5 32. Kg2 g4 33. h4 Re5
34. Rd7 Rc5 35. Ra7 Re5 36. Rb7 Rd5 37. Ra7 Re5 38. Rb7 Rd5 39. Kf1 Re5 40. Ra7
Re6 41. Kg2 Rf6 42. f3 f4 43. gxf4 Rxf4 44. fxg4 Rxg4+ 45. Kh3 Rg7 46. Rxg7+
Kxg7 47. Kg3 Kg6 48. Kf4 Kf6 49. Ke4 Kg6 50. Kf4 Kf6 51. Ke4 Kg6 52. Kf4 Kf6
1/2-1/2

[Event "AUTO-ADV-3295"]
[Site "http://www.queenalice.com/game.php?id=1323892"]
[Date "2014.11.23"]
[Round "1"]
[White "rubensoliveira"]
[Black "talisman77"]
[Result "1-0"]
[WhiteElo "2104"]
[BlackElo "1919"]

1. e4 e5 2. Bc4 Nc6 3. Nf3 h6 4. d4 Nf6 5. d5 Na5 6. Bd3 Bc5 7. a3 Bd6 8. Bd2 b6
9. b4 Nb7 10. c4 O-O 11. Be3 c5 12. Qd2 Ng4 13. O-O Nf6 14. Nh4 Ng4 15. Nf5 Qf6
16. Nxd6 Nxe3 17. fxe3 Qxd6 18. Nc3 a6 19. Ne2 f6 20. Ng3 Nd8 21. Nf5 Qc7 22.
Be2 Nf7 23. d6 Nxd6 24. Nxd6 Qd8 25. Qd5+ 1-0

[Event "AUTO-ADV-3295"]
[Site "http://www.queenalice.com/game.php?id=1323893"]
[Date "2014.11.23"]
[Round "1"]
[White "talisman77"]
[Black "rubensoliveira"]
[Result "0-1"]
[WhiteElo "1858"]
[BlackElo "2106"]

1. d4 Nf6 2. c4 d5 3. Nc3 Bf5 4. g3 e6 5. cxd5 Nxd5 6. Bg2 Bb4 7. Bd2 c6 8. a3
Nxc3 9. Bxc3 Ba5 10. Qb3 Bb6 11. Rd1 O-O 12. Nf3 Nd7 13. O-O Nf6 14. Ne5 Nd5 15.
Bxd5 exd5 16. Rfe1 Qg5 17. h4 Qh5 18. g4 Bxg4 19. Nxg4 Qxg4+ 20. Kf1 Qh3+ 21.
Kg1 Bc7 22. f4 Bxf4 23. Rd3 Qg4+ 24. Kf1 Rfe8 25. Qc2 Qxh4 26. e3 Bg3 27. Re2
Qh1# 0-1

[Event "AUTO-ADV-3293"]
[Site "http://www.queenalice.com/game.php?id=1353050"]
[Date "2015.4.12"]
[Round "2"]
[White "rubensoliveira"]
[Black "chessman"]
[Result "1-0"]
[WhiteElo "2070"]
[BlackElo "1839"]

1. e4 e6 2. d4 d5 3. exd5 exd5 4. Nf3 Nf6 5. Bd3 Bd6 6. Qe2+ Qe7 7. Qxe7+ Bxe7
8. Bg5 O-O 9. Nc3 Re8 10. O-O c6 11. Rae1 Be6 12. h4 h6 13. Bf4 Nh5 14. Bh2 Nd7
15. Re3 Nhf6 16. Ne5 Nxe5 17. Rxe5 Bd6 18. Re2 Bxh2+ 19. Kxh2 Ng4+ 20. Kg3 Nf6
21. Rfe1 Nh5+ 22. Kh2 Bd7 23. Rxe8+ Rxe8 24. Rxe8+ Bxe8 25. Ne2 Kf8 26. g4 Nf6
27. f3 Ke7 28. Kg3 Kd6 29. Nf4 Nd7 30. Nh5 g6 31. Ng7 Ke7 32. h5 Nf6 33. hxg6
fxg6 34. Nxe8 Nxe8 35. Bxg6 Nf6 36. Kh4 Kd6 37. g5 hxg5+ 38. Kxg5 Nd7 39. Bf5
Nb6 40. b3 1-0

[Event "AUTO-ADV-3293"]
[Site "http://www.queenalice.com/game.php?id=1353051"]
[Date "2015.4.12"]
[Round "2"]
[White "chessman"]
[Black "rubensoliveira"]
[Result "1-0"]
[WhiteElo "1848"]
[BlackElo "2053"]

1. e4 e5 2. Nf3 Nc6 3. Bb5 Nd4 4. Nxd4 exd4 5. Bc4 c6 6. O-O b5 7. Bb3 a5 8. a3
Bb7 9. d3 Be7 10. f4 c5 11. Nd2 a4 12. Ba2 Qc7 13. Qg4 Nf6 14. Qe2 O-O 15. Nf3
d5 16. e5 Ng4 17. h3 Nh6 18. Bd2 Nf5 19. Kh2 Ng3 20. Kxg3 f6 21. Kh2 fxe5 22.
Nxe5 Rae8 23. c3 Bf6 24. cxd4 cxd4 25. Rac1 Qb8 26. Qg4 Bxe5 27. fxe5 Qxe5+ 28.
Kh1 Bc8 29. Rxf8+ Kxf8 30. Rxc8 1-0

[Event "AUTO-ADV-3293"]
[Site "http://www.queenalice.com/game.php?id=1353052"]
[Date "2015.4.12"]
[Round "2"]
[White "rubensoliveira"]
[Black "Magogue"]
[Result "1-0"]
[WhiteElo "2056"]
[BlackElo "1375"]

1. e4 e5 2. Bc4 Nf6 3. Nf3 Nxe4 4. Qe2 Nd6 5. Qxe5+ Qe7 6. Qxe7+ Bxe7 7. d3 Nxc4
8. dxc4 Nc6 9. a3 a5 10. O-O O-O 11. Nc3 d6 12. Re1 Bg4 13. Ng5 Bf5 14. Nd5 Bd8
15. c3 Ne5 16. b3 Nd3 17. Ne7+ Bxe7 18. Rxe7 Rac8 19. Bd2 h6 20. Nf3 Rfe8 21.
Rxe8+ Rxe8 22. Nd4 Bd7 23. Nb5 Bxb5 24. cxb5 Re2 25. Be3 Re1+ 26. Rxe1 Nxe1 27.
a4 b6 28. Kf1 Nd3 29. Ke2 Ne5 30. Bd4 Ng6 31. g3 f5 32. Kd3 h5 33. Kc4 1-0

[Event "AUTO-ADV-3293"]
[Site "http://www.queenalice.com/game.php?id=1353053"]
[Date "2015.4.12"]
[Round "2"]
[White "Magogue"]
[Black "rubensoliveira"]
[Result "0-1"]
[WhiteElo "1373"]
[BlackElo "2058"]

1. e4 Nf6 2. Nc3 Nc6 3. Nf3 e5 4. d4 exd4 5. Nxd4 Bb4 6. Nxc6 Bxc3+ 7. bxc3 bxc6
8. Bd3 d5 9. exd5 cxd5 10. Ba3 Bb7 11. Qe2+ Kd7 12. Bf5+ Kc6 13. O-O Re8 14. Qd3
g6 15. Bh3 Ne4 16. Rab1 a6 17. Rxb7 Kxb7 18. Rb1+ Kc6 19. Qd4 Rb8 20. Qa4+ Rb5
21. Qxa6+ Rb6 22. Qa4+ Kb7 23. Rxb6+ cxb6 24. Bd7 Qf6 25. Qd4 Qxd4 26. cxd4 Ra8
27. Bb4 Rxa2 28. Kf1 Rxc2 29. f3 Nf6 30. Bh3 Rc4 31. Be7 Ng8 0-1

[Event "AUTO-ADV-3293"]
[Site "http://www.queenalice.com/game.php?id=1353054"]
[Date "2015.4.12"]
[Round "2"]
[White "rubensoliveira"]
[Black "NatanEstivallet"]
[Result "1-0"]
[WhiteElo "2057"]
[BlackElo "1982"]

1. e4 c5 2. Nf3 d6 3. c3 e5 4. d4 cxd4 5. cxd4 exd4 6. Qxd4 Nc6 7. Bb5 Bd7 8.
Bxc6 bxc6 9. O-O Nf6 10. Bg5 Be7 11. Nc3 O-O 12. Rae1 Be6 13. e5 Nd5 14. Bxe7
Qxe7 15. exd6 Qxd6 16. Ng5 Bf5 17. Nxd5 Qxd5 18. Qxd5 cxd5 19. Re5 Bd3 20. Rd1
Ba6 21. Rexd5 Bc4 22. Ra5 f6 23. Nf3 Be2 24. Rd7 Bxf3 25. gxf3 a6 26. Rd6 1-0

[Event "AUTO-ADV-3293"]
[Site "http://www.queenalice.com/game.php?id=1353055"]
[Date "2015.4.12"]
[Round "2"]
[White "NatanEstivallet"]
[Black "rubensoliveira"]
[Result "1-0"]
[WhiteElo "2071"]
[BlackElo "2072"]

1. e4 e5 2. Nf3 Nc6 3. Bb5 Nd4 4. Bc4 Qf6 5. Nxd4 exd4 6. d3 c6 7. O-O b5 8. Bb3
a5 9. a4 b4 10. Nd2 Bb7 11. Nf3 Be7 12. Bd2 c5 13. Re1 O-O-O 14. Qc1 h6 15. c3
Qg6 16. cxd4 d6 17. dxc5 dxc5 18. Be3 Nf6 19. Bxc5 Bxc5 20. Qxc5+ Kb8 21. Ne5
Rhf8 22. Nxg6 fxg6 23. Qxa5 Rxd3 24. Qxb4 Rfd8 25. a5 Ka8 26. a6 Bc8 27. a7 Bb7
28. f3 g5 29. Red1 Rxd1+ 30. Rxd1 Rxd1+ 31. Bxd1 Kxa7 32. e5 Nd5 33. Qa5+ Kb8
34. e6 1-0

[Event "AUTO-ADV-3292"]
[Site "http://www.queenalice.com/game.php?id=1358810"]
[Date "2015.5.11"]
[Round "2"]
[White "NatanEstivallet"]
[Black "rubensoliveira"]
[Result "0-1"]
[WhiteElo "2092"]
[BlackElo "2025"]

1. e4 e5 2. Nf3 Nc6 3. Bb5 Nd4 4. Nxd4 exd4 5. O-O c6 6. Be2 Nf6 7. d3 Be7 8.
Bg5 O-O 9. Nd2 d5 10. e5 Nd7 11. Bxe7 Qxe7 12. f4 f6 13. exf6 Qxf6 14. Qe1 Nc5
15. Qg3 Ne6 16. Rf2 Nxf4 17. Raf1 Nxe2+ 18. Rxe2 Qd8 19. Rfe1 Bf5 20. Re7 Bg6
21. Nf3 Qa5 22. Nh4 Rf6 23. Nxg6 Rxg6 24. Qe5 Rf8 25. h4 Qd2 26. Re2 Qd1+ 27.
Kh2 Qf1 28. h5 Rgf6 29. Rxb7 Qc1 30. Qe7 Qg5 31. Re1 Qxh5+ 32. Kg1 Qg6 33. Rxa7
h5 34. Qe5 Qg4 35. Qe2 Qg3 36. Qe7 h4 37. a4 Rg6 38. Qe2 h3 0-1

[Event "AUTO-ADV-3292"]
[Site "http://www.queenalice.com/game.php?id=1358811"]
[Date "2015.5.11"]
[Round "2"]
[White "rubensoliveira"]
[Black "NatanEstivallet"]
[Result "1-0"]
[WhiteElo "2051"]
[BlackElo "2066"]

1. e4 c5 2. Nf3 d6 3. d4 cxd4 4. Nxd4 Nf6 5. Nc3 a6 6. Be2 e5 7. Nf5 g6 8. Ng3
Bg7 9. Bg5 Be6 10. O-O O-O 11. b3 Qc7 12. Nd5 Bxd5 13. exd5 Nbd7 14. c4 Nc5 15.
b4 Ncd7 16. Rc1 h6 17. Bxf6 Nxf6 18. Bf3 Rfe8 19. Re1 Rac8 20. c5 Qe7 21. c6 b5
22. a4 e4 23. Bg4 Rc7 24. axb5 axb5 25. f3 Nxg4 26. fxg4 Qg5 27. Nxe4 Qd8 28.
Qd3 Be5 29. Qxb5 Qh4 30. g3 Qxg4 31. Nf6+ 1-0

[Event "AUTO-ADV-3292"]
[Site "http://www.queenalice.com/game.php?id=1358816"]
[Date "2015.5.11"]
[Round "2"]
[White "rubensoliveira"]
[Black "Mariahi"]
[Result "0-1"]
[WhiteElo "2037"]
[BlackElo "2279"]

1. d4 d6 2. c4 Nf6 3. Nc3 g6 4. Nf3 Bg7 5. e3 O-O 6. Bd3 c5 7. O-O cxd4 8. exd4
Nc6 9. Be3 Ng4 10. h3 Nxe3 11. fxe3 a6 12. a3 Bd7 13. Qc2 Rc8 14. Rac1 f5 15.
Ne2 e5 16. dxe5 dxe5 17. e4 f4 18. c5 Be6 19. Rfd1 Qc7 0-1

[Event "AUTO-ADV-3292"]
[Site "http://www.queenalice.com/game.php?id=1358817"]
[Date "2015.5.11"]
[Round "2"]
[White "Mariahi"]
[Black "rubensoliveira"]
[Result "1-0"]
[WhiteElo "2274"]
[BlackElo "2044"]

1. f4 d6 2. Nf3 Nc6 3. e3 e5 4. fxe5 dxe5 5. Bb5 e4 6. Nd4 Ne7 7. O-O Qd6 8. b3
Bd7 9. Bb2 a6 10. Bxc6 Nxc6 11. Nf5 Bxf5 12. Rxf5 O-O-O 13. Rxf7 Qg6 14. Qf1 Nb4
15. Qc4 Bd6 16. Rxg7 Qh5 17. h3 Qd1+ 18. Qf1 1-0

[Event "AUTO-MASTER-2195"]
[Site "http://www.queenalice.com/game.php?id=1362220"]
[Date "2015.5.29"]
[Round "2"]
[White "MackMendes"]
[Black "rubensoliveira"]
[Result "1-0"]
[WhiteElo "2131"]
[BlackElo "2045"]

1. d4 Nf6 2. c4 d5 3. cxd5 Qxd5 4. Nc3 Qd8 5. e4 e6 6. Bg5 Be7 7. Nf3 O-O 8. Bc4
h6 9. Be3 c6 10. O-O b5 11. Bd3 1-0

[Event "AUTO-MASTER-2195"]
[Site "http://www.queenalice.com/game.php?id=1362221"]
[Date "2015.5.29"]
[Round "2"]
[White "rubensoliveira"]
[Black "MackMendes"]
[Result "0-1"]
[WhiteElo "2058"]
[BlackElo "2121"]

1. d4 d5 2. c4 c6 3. Nc3 Bf5 4. Nf3 Nd7 5. e3 g6 6. h3 Bg7 7. Bd3 e6 8. c5 Ne7
9. Qc2 O-O 10. O-O e5 11. dxe5 Nxc5 0-1

[Event "AUTO-MASTER-2195"]
[Site "http://www.queenalice.com/game.php?id=1362222"]
[Date "2015.5.29"]
[Round "2"]
[White "toomchess"]
[Black "rubensoliveira"]
[Result "1-0"]
[WhiteElo "2207"]
[BlackElo "2068"]

1. e4 c5 2. Nf3 Nc6 3. d4 cxd4 4. Nxd4 Qa5+ 5. Bd2 Qe5 6. Nf3 Qxe4+ 7. Be2 d5 8.
Nc3 Qg4 9. Nxd5 Qd7 10. Bf4 e5 11. Nxe5 Nxe5 12. Bxe5 f6 13. Nc7+ Kf7 14. Bc4+
Ke7 15. Nd5+ Kd8 16. Bc7+ Ke8 17. Qe2+ Qe6 18. Nxf6+ 1-0

[Event "AUTO-MASTER-2195"]
[Site "http://www.queenalice.com/game.php?id=1362223"]
[Date "2015.5.29"]
[Round "2"]
[White "rubensoliveira"]
[Black "toomchess"]
[Result "0-1"]
[WhiteElo "2032"]
[BlackElo "2263"]

1. d4 Nf6 2. c4 e5 3. Nc3 exd4 4. Qxd4 Nc6 5. Qd1 Bb4 6. Qc2 Nd4 7. Qd3 Nc6 8.
Bd2 O-O 9. a3 Be7 10. e4 d6 11. f4 Re8 12. Nf3 Bf8 13. Be2 Nxe4 14. O-O Bf5 15.
Nxe4 Rxe4 16. Ng5 Re5 17. Qf3 Nd4 18. Qf2 Nxe2+ 19. Kh1 Re8 20. Rfe1 h6 21. Nf3
Nxf4 22. Bxf4 Qd7 0-1